The Economics of Health and Health Care (Record no. 4972)
[ view plain ]
| 000 -LEADER | |
|---|---|
| fixed length control field | 00542nam a2200169Ia 4500 |
| 008 - FIXED-LENGTH DATA ELEMENTS--GENERAL INFORMATION | |
| fixed length control field | 151213s9999 xx 000 0 und d |
| 020 ## - INTERNATIONAL STANDARD BOOK NUMBER | |
| International Standard Book Number | 978-81-317-24941 |
| 100 ## - MAIN ENTRY--PERSONAL NAME | |
| Personal name | Shermon Folland /Allen C.Goodman /Marion Santo |
| 245 ## - TITLE STATEMENT | |
| Title | The Economics of Health and Health Care |
| Statement of responsibility, etc. | Shermon Folland /Allen C.Goodman /Marion Santo |
| 250 ## - EDITION STATEMENT | |
| Edition statement | 5th |
| 260 ## - PUBLICATION, DISTRIBUTION, ETC. (IMPRINT) | |
| Place of publication, distribution, etc. | New Delhi |
| Name of publisher, distributor, etc. | Pearson Education |
| Date of publication, distribution, etc. | 2007 |
| 300 ## - PHYSICAL DESCRIPTION | |
| Extent | 11052 p. |
| 650 ## - SUBJECT ADDED ENTRY--TOPICAL TERM | |
| Topical term or geographic name as entry element | Economics |
| 650 ## - SUBJECT ADDED ENTRY--TOPICAL TERM | |
| Topical term or geographic name as entry element | Economics |
| 700 ## - ADDED ENTRY--PERSONAL NAME | |
| Personal name | Shermon Folland /Allen C.Goodman /Marion Santo |
No items available.
